| 000 | 00768cam a2200253 4500 | ||
|---|---|---|---|
| 008 | 090401t1996 xxu||||| |||| 00| 0 eng d | ||
| 020 | _a1870767403 | ||
| 035 | _a(Sirsi) u61407 | ||
| 041 | _aeng | ||
| 050 | _a346.4104342 | ||
| 100 | _aRandall, Geoffrey | ||
| 245 | _aHousing rights guide. - 1996 edition. | ||
| 250 | _a6th ed. | ||
| 260 |
_aLondon _bShelter _c1996 |
||
| 300 | _aviii,171p. ; 21cm. | ||
| 350 | _a12.95 | ||
| 650 | _aHOUSING RIGHTS | ||
| 650 | _aPRIVATE SECTOR HOUSING | ||
| 650 | _aPROPERTY-RESIDENTIAL PROPERTY-RESIDENTIAL LANDLORD AND TENANT-RESIDENTIAL TENANCIES | ||
| 650 | _aTENANTS' RIGHTS | ||
| 690 | _aPROPERTY-RESIDENTIAL PROPERTY-RESIDENTIAL LANDLORD AND TENANT-RESIDENTIAL TENANCIES | ||
| 942 | _n0 | ||
| 948 | _c04/03/1997 | ||
| 999 |
_c94311 _d94311 |
||